| 000 | 00784nam a2200241 b 4500 | ||
|---|---|---|---|
| 999 |
_c35633 _d35633 |
||
| 003 | OSt | ||
| 005 | 20250213171407.0 | ||
| 008 | 090113s2020 mex ||| ||spa c | ||
| 020 | _a978-1-4562-7569-3 | ||
| 040 |
_aBCRI _cBCRI |
||
| 082 | _a612 | ||
| 100 | 1 |
_98074 _aGanong, William F. _d1924-2007 |
|
| 245 | 1 | 0 |
_aFisiología médica _cGanong ; Kim E. Barrett...[et al.]; [traducción, Cape Books] |
| 250 | _a26ª ed | ||
| 260 |
_aMéxico, D.F. [etc.] _bMcGraw-HIll _c2020 |
||
| 300 |
_aIX, 741 p. _bil., gráf. _c27 cm |
||
| 546 | _aTraducción de: | ||
| 594 | _1Precede al tít.: A Lange medical book | ||
| 594 | _1Traducción de: Ganong's review of a medical physiology, 23rd ed. | ||
| 650 | 2 | 4 |
_aFisiología humana _9580 |
| 700 |
_98046 _aBarrett, Kim E. |
||
| 942 |
_2ddc _cBK |
||